| 000 | 01073nam a2200325Ia 4500 | ||
|---|---|---|---|
| 001 | Z_4455 | ||
| 003 | CHAP | ||
| 008 | 220113s1987 xx 000 0 und d | ||
| 010 | _a167525 | ||
| 040 | _cCHAP | ||
| 082 | _a634.907 I58 | ||
| 100 |
_aInstituto Nacional de Investigaciones Forestales y Agropecuarias. México. Centro de Investigaciones Agrícolas del Noroeste _9141759 |
||
| 245 |
_aAvances de la investigación : CIANO primavera-verano 1984 / _cpor Francisco Pacheco M., comp. |
||
| 260 |
_aMéxico, D. F. : _bEl Instituto, _c1987 |
||
| 300 | _a242 p. | ||
| 440 |
_aAvances de la investigación CIANO ; 16 _9141760 |
||
| 500 | _a | ||
| 503 | _a | ||
| 650 |
_aAgricultura _xInvestigación _xBaja California I. Pacheco Mendivil, Francisco _9141761 |
||
| 650 |
_aAgricultura _xInvestigación _xSonora _91676 |
||
| 650 |
_aBaja California _xBosques _9141762 |
||
| 650 |
_aBosques _xInvestigación _914282 |
||
| 650 |
_aSonora _xBosques _9141763 |
||
| 901 | _a634.907 I58 | ||
| 902 | _aA | ||
| 910 | _a1987 | ||
| 942 | _c1 | ||
| 942 | _cc1 | ||
| 999 |
_c167525 _d167525 |
||